[Event "FIDE Chesscom Grand Swiss 2021"]
[Site "Riga"]
[Date "2021.10.27"]
[Round "1.41"]
[White "Nihal Sarin"]
[Black "Georgiev, Kiril"]
[Result "1-0"]
[WhiteElo "2652"]
[BlackElo "2577"]
[Annotator "TA"]
[PlyCount "71"]
[EventDate "2021.10.27"]
[EventType "swiss"]
[EventCountry "LAT"]
[Tiebreak "Cut1 Buchholz+Sonneborn-Berger (Swiss)"]
[SourceTitle "playchess.com"]
[Source "ChessBase"]
[SourceQuality "1"]

{[%evp 15,71,5,0,0,2,-32,-14,-21,-36,-31,-18,-31,39,39,40,0,18,13,14,11,19,19,
21,24,18,14,25,18,0,7,17,0,38,0,41,33,37,55,37,46,45,60,135,72,71,70,62,69,498,
487,598,603,738,696,767,751,29985,701]} 1. d4 d5 2. Nf3 Nf6 3. Bf4 c5 4. e3 Nc6
5. Nbd2 e6 6. c3 Bd6 7. Bg3 O-O 8. Bd3 b6 9. e4 {Black must now prevent e5.
D02: 1 d4 d5 2 Nf3 sidelines, including 2...Nf6 3 g3 and 2...Nf6 3 Bf4.} Be7
10. e5 Nh5 11. Ng5 $1 {The position is equal. The main line 11.Ng5 scores
better than 11.a3.} Bxg5 ({Don't blunder} 11... Nxg3 $2 12. Bxh7+ Kh8 13. Nxf7+
$1 {[%mdl 512]} Rxf7 14. hxg3 $18) 12. Qxh5 {[%csl Gd3][%cal Rh5h7]} g6 13. Qe2
{[#]} Be7 $146 ({Black should try} 13... cxd4 $15 14. h4 Be7) ({Predecessor:} 
13... cxd4 14. h4 Bh6 15. h5 dxc3 16. bxc3 Qe7 17. hxg6 Bxd2+ 18. Qxd2 fxg6 19.
Bh4 Qg7 {0-1 (43) Riff,V (2548)-Abasov,N (2794) Chess.com INT 2019}) 14. Nf3
$14 cxd4 15. Bb5 Qc7 16. cxd4 Nb4 {...Nc2+ is the strong threat.} 17. O-O Bd7
18. Rac1 Bxb5 19. Qxb5 (19. Rxc7 $2 {loses.} Bxe2 20. Rxe7 Bxf1 $19) 19... Qb7
20. a3 a6 21. Qe2 Nc6 22. h4 Rfc8 23. Bf4 Na5 24. Bg5 b5 25. Bf6 Bf8 26. h5
Rxc1 27. Rxc1 Rc8 28. Re1 Rc4 (28... Qc6 $14) 29. hxg6 (29. Ng5 $142 $1 {
Hoping for hxg6.} Rc6 30. Qg4) 29... fxg6 $16 30. Ng5 $36 {[%mdl 2048] White
is pushing.} Qd7 31. Qg4 Rc6 $2 {[%mdl 8192] A mistake that costs the game.} (
31... Bh6 $1 $14) 32. Re3 $1 $18 h5 33. Qe2 Qc8 34. Kh2 Rc1 35. Rh3 {Threatens
to win with Rxh5!} Nc6 {[#]} 36. Qd3 {Weighted Error Value: White=0.07/Black=0.
60} (36. Rxh5 $142 $1 {[%mdl 512]} Bg7 37. Rh7 Qf8 38. Rxg7+ Qxg7 39. Bxg7 Ne7
{[#]} 40. Qe3 $1 Kxg7 41. Qxc1) 1-0

[Event "FIDE Chesscom Grand Swiss 2021"]
[Site "Riga"]
[Date "2021.10.27"]
[Round "1.42"]
[White "Gretarsson, Hjorvar Steinn"]
[Black "Volokitin, Andrei"]
[Result "1/2-1/2"]
[WhiteElo "2577"]
[BlackElo "2652"]
[Annotator "TA"]
[PlyCount "98"]
[EventDate "2021.10.27"]
[EventType "swiss"]
[EventCountry "LAT"]
[Tiebreak "Cut1 Buchholz+Sonneborn-Berger (Swiss)"]
[SourceTitle "playchess.com"]
[Source "ChessBase"]
[SourceQuality "1"]

{[%evp 18,98,0,0,15,0,29,31,31,0,0,0,0,0,0,0,0,0,0,0,0,0,0,0,-8,-8,-8,-8,-6,-8,
-6,-6,-3,-4,-5,-5,-3,-50,0,0,0,-24,0,-14,0,0,0,-22,-22,-36,-12,-30,0,0,0,0,0,0,
0,0,0,0,0,0,0,0,0,0,0,0,0,0,0,0,0,0,0,0,0,-8,0,0,0]} 1. e4 c5 2. Nf3 e6 3. d4
cxd4 4. Nxd4 Nc6 5. Nc3 Qc7 6. f4 a6 7. Nxc6 bxc6 8. Bd3 d5 9. Qe2 Nf6 10. O-O
Be7 {B46: Sicilian: Taimanov: 5 Nc3 a6.} 11. Bd2 c5 {[#] aiming for ...c4.} 12.
b3 {[%cal Bb2b3,Bb3c4][%mdl 32]} Bb7 {White is slightly better.} 13. Rae1 c4
14. bxc4 {Hoping for exd5.} dxe4 15. Nxe4 Nxe4 16. Bxe4 Bxe4 17. Qxe4 Rc8 18.
f5 Qxc4 {[%mdl 64] [#] Double Attack} 19. fxe6 f6 {[#]} 20. c3 $146 ({
Predecessor:} 20. Qb7 Qc6 21. Rb1 Bc5+ 22. Kh1 Qxb7 23. Rxb7 O-O 24. Re1 Rfe8
25. g3 Rc6 26. e7 Kf7 27. c4 Bd6 28. Bb4 Bxb4 29. Rxb4 Rxe7 30. Rxe7+ Kxe7 {
1/2-1/2 (30) Carlsen,M (2862)-Harikrishna,P (2732) Wijk aan Zee 2021}) 20...
Bc5+ 21. Kh1 $132 {[%mdl 2048] White is not holding back} Qxe4 22. Rxe4 Ke7 23.
Bf4 Rhd8 24. Rb1 g5 25. Be3 Bxe3 26. Rxe3 $11 {[%mdl 4096] Endgame White wants
to play Rb7+. KRR-KRR} Rb8 27. Rf1 h6 {[%mdl 1024] Black has compensation.} 28.
Ref3 Rf8 29. a4 h5 30. h3 Rb6 31. Rf5 Rxe6 32. Rb1 Kf7 33. c4 Rd8 34. a5 Rde8
35. Rb6 {The position is equal.} Re1+ 36. Kh2 R8e6 37. Rc5 R6e2 38. Rf5 Re6 39.
Rc5 Kg6 40. Rcc6 Rxc6 41. Rxc6 {KR-KR} Rc1 42. Rxa6 Rxc4 43. Ra8 Kf5 44. Rb8
Ra4 45. Rb5+ Kf4 46. Rb6 f5 47. a6 g4 {( -> ...g3+)} 48. hxg4 fxg4 49. Rf6+ Ke5
{An uneventful encounter.  Weighted Error Value: White=0.05/Black=0.04} 1/2-1/2

[Event "FIDE Chesscom Grand Swiss 2021"]
[Site "Riga"]
[Date "2021.10.27"]
[Round "1.43"]
[White "Demchenko, Anton"]
[Black "Nguyen, Thai Dai Van"]
[Result "1/2-1/2"]
[WhiteElo "2651"]
[BlackElo "2577"]
[Annotator "TA"]
[PlyCount "146"]
[EventDate "2021.10.27"]
[EventType "swiss"]
[EventCountry "LAT"]
[Tiebreak "Cut1 Buchholz+Sonneborn-Berger (Swiss)"]
[SourceTitle "playchess.com"]
[Source "ChessBase"]
[SourceQuality "1"]

{[%evp 9,146,25,45,23,20,18,47,-15,-14,-10,18,-21,-21,-24,-21,-22,-7,0,0,0,0,0,
8,0,7,0,7,-9,-7,0,0,-20,-12,-18,0,0,0,0,0,0,0,0,0,-12,0,-28,-28,-37,-45,-70,
-60,-55,-64,-64,-76,-62,-62,-70,-62,-63,-47,-101,-62,-54,-61,-75,-91,-63,-80,
-73,-69,-53,0,0,0,0,0,0,-18,-62,-68,-63,-63,-63,-63,-76,0,-33,0,-203,-205,-243,
-120,-323,-238,-558,-551,-571,-319,-317,0,-220,-84,-84,-84,-84,-89,-100,-16,
-16,-8,-8,0,-22,0,0,0,0,0,0,0,0,0,0,0,-8,0,0,0,0,0,0,0,0,0,0,0,0,0]} 1. e4 e5
2. Nf3 Nf6 3. Nxe5 d6 4. Nf3 Nxe4 5. Bd3 d5 6. O-O {C42: Petroff Defence: 3
Nxe5 and unusual White 3rd moves.} Be7 7. Re1 O-O 8. Nc3 (8. Bxe4 $14 dxe4 9.
Rxe4) 8... Nc5 $11 9. Bf1 {[#]} d4 $146 ({Predecessor:} 9... Bf6 10. d4 Ne6 11.
g3 Nc6 12. Bg2 Ne7 13. Ne5 c6 14. Na4 Qa5 15. c3 b5 {1-0 (37) Stachanczyk,J 
(2293)-Snajdr,J (1991) Plzen 2010}) 10. Ne4 (10. Ne2 {is more complex.} Nc6 11.
b4 Ne6 12. a3 d3 13. cxd3 Bf6 14. Rb1) 10... Nxe4 11. Rxe4 Bf6 12. d3 Bf5 13.
Re1 Nc6 14. Bf4 Qd7 15. Qd2 Rfe8 16. h3 h6 17. a3 a5 18. Bh2 Be6 19. Qf4 Rec8
20. Re2 a4 21. Rae1 Ra5 22. Qc1 Rb5 23. Bf4 Ra8 24. Nd2 Be7 25. Nc4 Bf8 26. Rd2
Rc5 27. Ne5 Nxe5 28. Bxe5 Rd5 29. Rdd1 Raa5 30. Bf4 Rab5 31. Re4 Rb6 32. Re5
Rxe5 33. Bxe5 c5 34. Re1 Qd5 35. c4 (35. c3 $15) 35... Qd7 36. Be2 Bf5 37. Bf4
Rb3 38. Bd1 Bxd3 39. Bxb3 axb3 40. Re5 f6 ({Black should try} 40... b6 $15) 41.
Rd5 Qe8 {...Be4 is the strong threat.} 42. f3 Kh7 43. h4 Qe6 44. Rd8 Be7 45.
Re8 b5 46. cxb5 Bxb5 47. Rb8 Bd3 ({Better is} 47... Bc6 $17 48. Qd1 Qf5) 48. a4
(48. Qd2 $5 {[%cal Rd2d3]} Bc2 49. h5 $11) 48... c4 49. Rb7 $2 (49. Qd2 $1 $11
{and White stays safe.}) 49... Bc2 $19 50. Bd2 f5 (50... Bc5 $19 {has better
winning chances.} 51. Rb5 Qc6) 51. a5 $2 (51. Qe1 $17 Qxe1+ 52. Bxe1) 51...
Bxh4 52. Rb6 $2 (52. Bxh6 {was the crucial defense.} Qxh6 53. Qxh6+ Kxh6 54. a6
) 52... Qe2 53. Bxh6 Qf2+ 54. Kh1 {Black must now prevent Bxg7!} Bd8 $2 ({
Weaker is} 54... gxh6 55. Qxh6+ Kg8 56. Rg6+ Kf7 57. Qh7+ Kf8 58. Rg8#) (54...
d3 $19 55. Bf4 Bg3) 55. Bg5 $2 (55. Qf4 $1 $11 Bxb6 56. axb6) 55... Bxb6 (55...
Bc7 $1 $19 56. Rb7 Be5) 56. axb6 $17 {[#]} c3 $1 {Hoping for ...Bd3.} 57. b7
cxb2 58. Qxb2 {[#]} Qe1+ ({Black should play} 58... Qf1+ $1 $17 59. Kh2 Qb5)
59. Kh2 $11 {The position is equal.} Qb4 60. Bc1 Kg6 61. Kh3 d3 62. Qe5 Qxb7
63. Qe6+ Kh7 {aiming for ...d2!} 64. Qxf5+ Kg8 {Strongly threatening ...d2!}
65. Qe6+ Qf7 66. Qd6 Kh7 67. Kh2 Qf6 68. Qb4 b2 69. Qe4+ g6 (69... Qg6 $5 70.
Qh4+ $8 Kg8 71. Qc4+ Kh8 72. Qc8+ Kh7 73. Qh3+ Kg8 74. Qc8+ Kh7 75. Qh3+ Kg8
76. Qc8+ Kh7 $11) 70. Qb7+ Qg7 71. Qxg7+ Kxg7 72. Bxb2+ Kf7 73. Bc3 Ke6 {
White happily takes the draw.  Weighted Error Value: White=0.32/Black=0.23}
1/2-1/2

[Event "FIDE Chesscom Grand Swiss 2021"]
[Site "Riga"]
[Date "2021.10.27"]
[Round "1.44"]
[White "Neiksans, Arturs"]
[Black "Sarana, Alexey"]
[Result "1-0"]
[WhiteElo "2570"]
[BlackElo "2649"]
[Annotator "TA"]
[PlyCount "115"]
[EventDate "2021.10.27"]
[EventType "swiss"]
[EventCountry "LAT"]
[Tiebreak "Cut1 Buchholz+Sonneborn-Berger (Swiss)"]
[SourceTitle "playchess.com"]
[Source "ChessBase"]
[SourceQuality "1"]

{[%evp 12,115,19,18,12,18,13,14,12,16,14,11,5,8,11,8,28,20,27,26,17,21,50,55,
63,64,70,64,79,75,65,57,65,27,23,16,23,27,11,21,0,-9,0,0,0,0,0,0,0,-6,-5,-21,
-21,-21,-21,-21,-21,-21,-21,-21,-21,-21,-21,-21,-21,-21,-21,-21,-21,-21,-10,
-10,0,0,0,-21,-21,-21,0,0,0,0,0,0,0,-21,-21,-21,-21,-21,-21,-21,0,0,0,0,6,0,
217,156,595,563,605,1619,779,753]} 1. e4 c5 2. Nf3 d6 3. Bb5+ Nd7 4. c3 Ngf6 5.
Qe2 a6 6. Ba4 b5 7. Bc2 Bb7 {B51: Sicilian: Moscow Variation (3 Bb5+) without
3...Bd7.} 8. d4 e6 9. O-O Be7 {The position is equal.} 10. Re1 Qc7 11. Bd3 e5
12. Nbd2 {[%cal Bb1d2,Bd2f1,Bf1e3,Be3d5][%mdl 32]} O-O 13. dxe5 {[#]} Nxe5 $146
({Predecessor:} 13... dxe5 14. c4 b4 15. Nf1 Rfe8 16. Bg5 Bf8 17. N3d2 a5 18.
Ne3 g6 19. Nd5 Qc6 {1-0 (69) Murzin,V (2513)-Aditya,M (2453) chess24.com INT
2021}) 14. Nxe5 dxe5 15. c4 b4 16. Nf1 Nd7 17. Ne3 Bg5 18. Nd5 Qd8 19. Bc2 Bc6
20. Bxg5 Qxg5 21. Qd1 Rfd8 22. Ba4 Bxa4 23. Qxa4 Nf8 $1 24. a3 bxa3 25. Qxa3
Ne6 26. Qg3 (26. b4 {is interesting.} cxb4 27. Qxb4 Nd4 28. Qc3 Rdb8 29. c5)
26... h6 27. Qxg5 hxg5 28. f3 Rdb8 29. Ra2 Rb7 30. Re2 Nd4 31. Rd2 a5 32. Kf1
f6 33. h3 Rb3 34. Rd1 Kh7 35. Rd2 Kh6 36. Rd1 Kh5 37. Rd2 Ra6 38. Nc7 Ra7 39.
Nd5 Ne6 40. Rd1 Nf4 41. Kg1 Kh4 {Strongly threatening ...Kg3.} 42. Kh2 {
Hoping for g3+.} Ne6 43. Rd2 Nd4 44. Rd1 Rab7 45. Rd2 $1 Nc6 46. Nc3 Nd4 47.
Nd5 $40 {[%mdl 128] White attacks.} Ra7 48. Rd1 Kh5 49. Kg1 Rab7 50. Rd2 $1 Nc6
51. Kh2 Kh4 52. Nc3 R3b4 53. Nd5 Rxc4 54. g4 {Threatening mate with Ne3.} Rb3 (
54... Nd4 $11 {and Black has nothing to worry.} 55. Ne3 Nxf3+ {[%mdl 64]
Double Attack} 56. Kg2 Ne1+ 57. Kh2 Nf3+ {[%mdl 64] Double Attack} 58. Kg2 Ne1+
59. Kh2 Nf3+ {[%mdl 64] Double Attack}) 55. Ra3 $18 Rd4 $2 (55... Rcb4 $16 {
is a better chance.} 56. Nxb4 Rxb4) 56. Re2 $1 {White is clearly winning.} Rbd3
{[#]} 57. Rxd3 (57. Ne3 {[#]} Rxe3 $1 58. Raxe3 Rb4 $11) 57... Rxd3 58. Ne3 {
[%cal Re3g2] Weighted Error Value: White=0.02/Black=0.22} 1-0

[Event "FIDE Chesscom Grand Swiss 2021"]
[Site "Riga"]
[Date "2021.10.27"]
[Round "1.45"]
[White "Donchenko, Alexander"]
[Black "Bjerre, Jonas Buhl"]
[Result "1/2-1/2"]
[WhiteElo "2648"]
[BlackElo "2569"]
[Annotator "TA"]
[PlyCount "107"]
[EventDate "2021.10.27"]
[EventType "swiss"]
[EventCountry "LAT"]
[Tiebreak "Cut1 Buchholz+Sonneborn-Berger (Swiss)"]
[SourceTitle "playchess.com"]
[Source "ChessBase"]
[SourceQuality "1"]

{[%evp 12,107,23,15,21,19,10,0,0,0,0,0,0,0,12,0,0,6,9,0,43,32,18,10,29,24,73,
90,88,81,100,44,64,57,210,215,279,297,306,293,451,452,435,190,428,277,279,279,
277,277,277,277,277,274,244,224,458,463,463,463,456,257,256,259,256,256,251,62,
62,62,62,62,62,62,62,0,62,62,62,62,62,69,69,44,44,0,0,0,0,0,0,0,0,0,0,0,0,0]} 
1. e4 c5 2. Nf3 d6 3. d4 cxd4 4. Nxd4 Nf6 5. Nc3 a6 6. Bg5 Nbd7 {[%cal Bb8d7,
Bd7c5,Bc5b7,Bb7d8,Bd8c6][%mdl 32]} 7. Bc4 {7.Qe2 is setting a new trend.} Qb6 {
B94: Sicilian Najdorf: 6 Bg5 Nbd7.} 8. Bb3 e6 9. Qd2 Be7 10. h4 Nc5 11. f3 Bd7
12. g4 Qc7 13. a3 {[#]} b5 $146 ({Predecessor:} 13... Nxb3 14. cxb3 h6 15. Be3
d5 16. exd5 Nxd5 17. Nxd5 exd5 18. Kf2 Rc8 19. Bf4 Qd8 {1/2-1/2 (32) Maerten,T
(2525)-Perkiomaki,J (2371) ICCF email 2014}) 14. Ba2 Rb8 15. b4 Nb7 16. Nce2
Nd8 17. Be3 Nc6 18. O-O-O a5 19. g5 Nh5 20. Nxc6 Bxc6 21. Kb2 (21. bxa5 $16 O-O
22. Bb6 Rxb6 23. axb6 Qxb6 24. Qd4) 21... axb4 22. axb4 d5 $2 ({Black should
try} 22... O-O $14) 23. exd5 $18 Bxd5 24. Bxd5 exd5 25. Nc3 ({Not} 25. Qxd5 O-O
$14) 25... Rd8 (25... d4 $142) 26. Nxd5 Qe5+ 27. Kb3 (27. c3 $142) 27... O-O $2
(27... Rxd5 {was necessary.} 28. Qxd5 Qxe3+ 29. Rd3 Qe6) 28. Rhe1 Bxb4 29. Qxb4
Rxd5 {[#]} 30. Bc1 $1 ({Resist} 30. Bc5 $6 Rxd1 31. Rxe5 Rb1+ 32. Kc3 Rxb4 $16)
30... Rxd1 31. Rxe5 {White threatens Qxf8+! and mate.} Rxc1 32. Kb2 Rd1 33.
Rxb5 g6 $2 (33... Rdd8 34. f4 g6) 34. Rb8 {[%csl Gb8][%cal Rb4f8]} Rdd8 {[#]}
35. Rxd8 Rxd8 {[%mdl 4096] Endgame KQ-KRN} 36. Qe7 (36. Qb6 $142 Rc8 37. Qb7)
36... Rb8+ 37. Ka3 Ng7 38. c4 Ne6 39. c5 $2 (39. Qa7 $18 Rc8 40. Kb4) 39...
Ra8+ $14 40. Kb4 Rb8+ $1 41. Ka5 Ra8+ $1 42. Kb5 Rb8+ $1 43. Ka5 {Threatens to
win with c6.} Ra8+ $1 44. Kb6 $1 {c6 is the strong threat.} Rb8+ 45. Kc6 $1 {
[%cal Rc6d5]} Rc8+ 46. Kd6 {Hoping for c6.} Nxc5 47. h5 gxh5 48. Ke5 h4 {
The position is equal.} 49. Kf6 (49. f4 {feels hotter.} h3 50. f5 h2 51. g6
hxg6 52. fxg6 fxg6 53. Qh4) 49... Rc6+ 50. Kf5 {Qe8+ would kill now.} Rc8 51.
Qe1 Ne6 52. Qxh4 {And now Qb4 would win.} Ng7+ 53. Kg4 Rc4+ 54. f4 {Black
defended with fortune.  Weighted Error Value: White=0.25/Black=0.20} 1/2-1/2

[Event "FIDE Chesscom Grand Swiss 2021"]
[Site "Riga"]
[Date "2021.10.27"]
[Round "1.46"]
[White "Meshkovs, Nikita"]
[Black "Swiercz, Dariusz"]
[Result "0-1"]
[WhiteElo "2550"]
[BlackElo "2647"]
[Annotator "TA"]
[PlyCount "206"]
[EventDate "2021.10.27"]
[EventType "swiss"]
[EventCountry "LAT"]
[Tiebreak "Cut1 Buchholz+Sonneborn-Berger (Swiss)"]
[SourceTitle "playchess.com"]
[Source "ChessBase"]
[SourceQuality "1"]

{[%evp 9,206,0,0,5,13,11,11,0,18,7,7,7,7,7,7,4,12,0,0,0,0,0,8,0,10,0,0,-10,0,0,
0,0,0,-29,-18,-27,-20,-12,0,-30,0,-47,-16,-15,0,0,0,0,0,0,0,-20,0,-20,-20,-20,
-20,-20,-20,-20,-20,-32,-32,-37,-20,-20,-20,-20,-20,-20,-20,-20,-20,-20,-20,
-52,-50,-52,-45,-186,-147,-135,-130,-133,-147,-127,-74,-146,-146,-153,-153,
-155,-155,-155,-155,-226,-225,-216,-217,-215,-212,-177,-122,-121,-129,-122,-76,
-83,-81,-118,-118,-125,-115,-115,-53,-53,-53,-53,-53,-53,-48,-53,-53,-53,-53,
-53,-53,-167,-167,-165,-115,-281,-291,-212,-179,-357,-357,-357,-353,-383,-338,
-352,-350,-349,-349,-287,-190,-416,-400,-236,-164,-150,-138,-585,-546,-428,-85,
-64,-4,-4,-4,-4,-4,-4,-4,-4,-4,-12827,-12827,-12834,-12824,-12825,-12825,
-12825,-12825,-12824,-1958,-12832,-12826,-12833,-12821,-12829,-2866,-12830,
-12831,-12829,-12831,-12835,-12831,-12832,-12823,-12833,-12833,-12827,-2616,
-12839,-12839,-12840,-12837]} 1. c4 Nf6 2. Nc3 e5 3. Nf3 Nc6 4. e4 Bb4 5. d3 d6
6. a3 {A28: English Opening: Four Knights Variation.} Bc5 $1 {With the idea ...
Ng4. 6...Bc5 scores better than 6...Bxc3+.} 7. b4 Bb6 8. Na4 {The position is
equal.} Bg4 9. Be2 Bxf3 10. Bxf3 Bd4 11. Rb1 O-O 12. O-O {[#]} Qe7 $5 $146 {
[%mdl 8] An interesting novelty.} ({Predecessor:} 12... a6 13. Bd2 Ba7 14. g3
Nd4 15. Bg2 Nd7 16. Nc3 c6 17. Kh1 a5 18. f4 axb4 19. axb4 {1-0 (61) Vitiugov,
N (2732)-Motylev,A (2651) Douglas 2019}) 13. g3 a5 14. b5 Nd8 15. Bg2 Ne6 16.
Be3 h5 17. Qd2 h4 18. Nc3 c6 19. Ne2 hxg3 20. hxg3 Bc5 21. a4 Bb4 22. Qd1 Rad8
23. Bd2 Ra8 24. Be3 Rfd8 25. Bb6 Rd7 26. d4 Qe8 27. d5 cxd5 28. cxd5 Nc5 29.
Bxc5 Bxc5 30. Qd3 Rdd8 31. Bh3 g6 32. Kg2 Kg7 33. Nc1 {[%cal Be2c1,Bc1b3,Bb3d2,
Bd2f3][%mdl 32]} Qe7 34. Nb3 Bb6 35. Rbc1 Rh8 36. Rh1 Rh6 37. Nd2 Rah8 {
White must now prevent ...Bxf2!} 38. Qe2 Bc5 39. Nf3 Rh5 40. Rh2 Qd8 41. Rch1
Qb6 42. g4 R5h7 43. Ng5 $1 Rh4 $36 {[%mdl 2048] Black fights for an advantage.}
44. Kg3 (44. Nf3 $15) 44... Qd8 45. Nf3 R4h6 46. Kg2 Nh7 47. Qd2 f6 (47... g5
$142 48. Kg3 Bb4) 48. Kg3 (48. g5 $142 Nxg5 49. Nxg5 fxg5 50. f3) 48... Ng5 $17
49. Nxg5 fxg5 50. Bf1 Rh4 51. f3 Qf6 {Threatens to win with ...Rxh2.} 52. Be2 (
52. Rh3 $17 {was worth a try.}) 52... Bb4 $19 53. Qc1 {[#]} Be1+ $1 {[%mdl 512]
} 54. Kg2 {[#]} Rxg4+ $3 {[%mdl 512]} 55. Kf1 {Threatening mate with Qc7+.}
Rxh2 ({Black should try} 55... Bh4 $1 $19 56. Qc7+ Kh6) 56. Rxh2 $17 {Qc7+
would kill now.} Bh4 $1 {And now ...Rxe4 would win.} 57. Qe3 Rg3 {Strongly
threatening ...g4.} 58. Rg2 g4 {[%cal Rg4f3]} 59. Rxg3 Bxg3 60. Bd1 Bf4 61. Qb6
Kh6 (61... Qh4 $1 $17 {[%cal Rh4h3]} 62. Qg1 (62. Qxb7+ Kh6 $19) 62... g3) 62.
Qg1 $1 $15 (62. Qxb7 $2 Qh4 $19) 62... gxf3 63. Qg4 Qe7 64. Bxf3 Kg7 65. Qc8
Be3 66. Ke2 Bc5 67. Qg4 Bd4 68. Qc8 ({White should play} 68. Ke1 $15) 68... Qh4
$1 $19 {[%cal Rh4f2] Hoping for ...Qf2+.} 69. Kd3 Qf4 70. Qd7+ $2 (70. Qh3 $17)
70... Kh6 71. Qh3+ Kg5 $1 72. Be2 $2 (72. Qg2+ Kf6 73. Qh3) 72... b6 ({And not
} 72... Qc1 73. Qg4+ Kf6 74. Qe6+ Kg7 75. Qd7+ Kh8 76. Qh3+ Kg8 77. Qe6+ Kh8
78. Qh3+ Kg8 79. Qe6+ Kh8 80. Qh3+ $11) 73. Bd1 Bc5 ({Not} 73... Qc1 74. Qg4+
Kf6 75. Qe6+ Kg7 76. Qe7+ Kh6 77. Qh4+ Kg7 78. Qe7+ Kh8 79. Qf8+ Kh7 80. Qe7+
Kg8 81. Qd8+ Kh7 82. Qe7+ Kg8 83. Qd8+ Kh7 84. Qe7+ $11) 74. Qg2+ Kf6 75. Qh3
Bb4 $1 76. Qh8+ Kg5 $1 77. Qd8+ Qf6 ({Weaker is} 77... Kh6 78. Qh8+ Kg5 79.
Qd8+ Qf6 80. Qxf6+ Kxf6 81. Ke3 $17) 78. Qxb6 $2 (78. Qxf6+ Kxf6 79. Ke3) 78...
Qf1+ {[%mdl 64] Double Attack} 79. Kc2 Qc4+ 80. Kb1 Qxe4+ 81. Bc2 $2 {[%mdl
8192]} (81. Kb2 $17 {was the crucial defense.}) 81... Qe1+ 82. Ka2 {intending
Qd8+.} Bc5 $2 (82... Bc3 $1 $19 {( -> ...Qa1+)} 83. Qd8+ Kh5 84. Qh8+ Kg4 85.
Qc8+ Kg3) 83. Qd8+ $17 Kf4 (83... Kh5 $1 $15 84. Qd7 Qe3) 84. Qf6+ $11 Ke3 {
...Bd4 is the strong threat.} 85. Qxg6 Qc3 86. Qg5+ Ke2 87. Qg2+ Ke1 88. Qe4+
$2 {[%mdl 8192] [#] White is on the road to losing.} (88. Qh1+ $11 Kd2 89. Qd1+
Ke3 90. Qg1+ Kf3 91. Qh2 Qa3+ 92. Kb1) 88... Kd2 $1 $19 {Black is clearly
winning.} 89. Bb3 Qd3 90. Qg2+ Qe2 91. Qxe2+ Kxe2 {[%mdl 4096] Endgame KB-KB}
92. Bc2 {[#]} Ke3 $1 {[%cal Re3d4]} 93. Bg6 Kd4 94. Bf7 Kc3 95. Bg6 Kc4 (95...
Bb6 $142 96. Ka3 Kc4) 96. Bf7 Bb6 97. Kb2 Kb4 98. Be8 Kxa4 99. Kc3 Ka3 100. Bh5
Bd4+ 101. Kc4 Kb2 (101... a4 $142 102. Bd1 Bb6) 102. b6 a4 103. b7 Ba7 {
Weighted Error Value: White=0.12/Black=0.07} 0-1

[Event "FIDE Chesscom Grand Swiss 2021"]
[Site "Riga"]
[Date "2021.10.27"]
[Round "1.47"]
[White "Abdusattorov, Nodirbek"]
[Black "Kuybokarov, Temur"]
[Result "1/2-1/2"]
[WhiteElo "2646"]
[BlackElo "2549"]
[Annotator "TA"]
[PlyCount "88"]
[EventDate "2021.10.27"]
[EventType "swiss"]
[EventCountry "LAT"]
[Tiebreak "Cut1 Buchholz+Sonneborn-Berger (Swiss)"]
[SourceTitle "playchess.com"]
[Source "ChessBase"]
[SourceQuality "1"]

{[%evp 9,88,35,39,39,28,37,27,41,31,41,31,36,26,29,23,26,22,32,29,25,40,36,35,
31,46,-1,61,53,118,47,53,39,47,43,40,45,56,41,52,63,61,20,73,58,63,81,141,137,
221,72,100,0,0,-256,-361,-170,-180,-167,0,0,0,-269,-147,-180,0,0,0,0,0,0,0,0,0,
0,0,0,0,0,0,0,0]} 1. c4 e5 2. Nc3 Nc6 3. Nf3 f5 4. g3 Nf6 5. d4 e4 6. Nh4 {
A27: English Opening: Three Knights Variation.} Bb4 7. Nxf5 d5 8. Ne3 {[%cal
Rc4d5] White has an edge.} (8. Nxg7+ Kf7 $17) 8... dxc4 9. d5 Bxc3+ 10. bxc3
Ne7 {[%cal Re7d5]} 11. Qa4+ Kf7 12. Qxc4 {Black must now prevent d6+.} Nexd5 {
[#]} 13. Qb3 $146 ({Predecessor:} 13. Nxd5 Qxd5 14. Qxc7+ Bd7 15. Bg2 g5 16. c4
Qd4 17. Rb1 Rhc8 18. Qa5 Rc5 19. Qa3 Qxc4 {1-0 (37) Matlakov,M (2683)-Wen,Y 
(2585) China 2018}) 13... Be6 14. c4 Nxe3 15. Bxe3 Qd7 16. Bg2 a6 17. Qc3 (17.
Qxb7 $2 Rhb8 $19) 17... Bh3 (17... b5 $11) 18. O-O Rad8 (18... Rhe8 $14) 19.
Rab1 ({Better is} 19. Qb3 $1 $16) 19... b6 $14 20. c5 b5 21. c6 Qe6 22. Qa5 $36
{[%mdl 2048] White has good play.} Bxg2 23. Kxg2 Nd5 24. Qxa6 b4 25. Rbd1 Rd6 (
25... Kg6 $11) 26. Qa5 $16 Rc8 27. Rd4 Qf5 (27... Kg6 $142) 28. Kg1 Kg6 (28...
g6 $16 {keeps fighting.}) 29. Qa6 (29. Rfd1 $1 $18 {[%cal Rd4d5] is the
precise move to win.} Nf6 30. Qxf5+ (30. Qxb4 Rxc6 31. a4 Rc2 $18) 30... Kxf5
31. Rxd6 cxd6 32. Rxd6) 29... Rf8 30. Rc1 (30. Bf4 $16 Re6 31. e3) 30... Re6
$11 31. g4 $2 {[%mdl 8192]} (31. Rxd5 $11 Qxd5 32. Rc5) 31... Qxg4+ $19 32. Kh1
Nxe3 {[%csl Ge3][%cal Rg4g2]} 33. Rg1 Rxf2 (33... Qxg1+ $1 $19 34. Kxg1 Kh6 $1)
34. Rxg4+ $11 Nxg4 35. Rd1 $2 {[%mdl 8192]} (35. Qc8 $11 {and White is okay.}
Rf1+ 36. Kg2 Ne3+ 37. Kh3) 35... Ref6 (35... Rxh2+ 36. Kg1 $17) (35... Kh6 $19
36. h3 Rh2+ {[%mdl 64] Double Attack} 37. Kg1 Rxh3) 36. Qc8 $17 {[#]} h5 (36...
Rxh2+ 37. Kg1 $11) (36... Kh5 $1 $19 {[%cal Rh5h4]} 37. h3 (37. Qxc7 Rxe2 38.
Qd8 Nf2+ 39. Kg1 Nh3+ 40. Kh1 Rff2 $19) 37... Rh2+ 38. Kg1 Rxh3 39. Qxc7 Rc3)
37. Qxc7 $11 {The position is equal.} Rxe2 38. Rd6 Nf2+ (38... Rxa2 $2 39.
Rxf6+ Nxf6 40. Qb8 $18) 39. Kg2 $1 {aiming for Rxf6+.} Ng4+ (39... Rxa2 $2 40.
Rxf6+ gxf6 41. Qb8 $18) 40. Kg3 {Strongly threatening Rxf6+.} Re3+ (40... Rxa2
$2 41. Qd8 $18) 41. Kg2 $1 (41. Kh4 $2 Nh6 $19) 41... Re2+ 42. Kg3 {Hoping for
Rxf6+.} Re3+ ({Avoid the trap} 42... Rxa2 $2 43. Qd8 $18) 43. Kg2 $1 {
Threatens to win with Rxf6+.} ({Don't go for} 43. Kh4 $2 Nh6 $19) 43... Re2+
44. Kg3 {And now Rxf6+ would win.} Re3+ {Weighted Error Value: White=0.36/
Black=0.23} ({Wrong is} 44... Rxa2 $2 45. Qd8 $18) 1/2-1/2